| 000 | 00388nam a22001457a 4500 | ||
|---|---|---|---|
| 020 | _qHB. | ||
| 040 | _cFIZZA ISHAQ | ||
| 082 |
_a628 _bRIC |
||
| 100 |
_aJR., MINES O RICHARD. _990161 |
||
| 245 |
_aENVIRONMENTAL ENGINEERING PRINCIPALES AND PRACTICE / _cRICHARD O MINES JR. |
||
| 250 | _a1st ED. | ||
| 260 |
_bJOHN WILEY SON, _c2014. |
||
| 300 | _a637 P. ; | ||
| 942 |
_2ddc _cBK |
||
| 999 |
_c588519 _d588519 |
||